[Event "2. BUNDESLIGA MITTE 2014/2015"]
[Site "Aschach"]
[Date "2014.10.05"]
[Round "3"]
[Board "5"]
[White "Watzka, Horst"]
[Black "Teuschler, Hugo"]
[Result "1/2-1/2"]
[WhiteElo "2235"]
[BlackElo "2043"]
[PlyCount "74"]
[EventDate "2014.10.03"]
[EventType "team"]
[EventRounds "11"]
[EventCountry "AUT"]
[WhiteTeam "RbEJ Gleisdorf"]
[BlackTeam "Strassenbahn Graz"]

1. e4 c5 2. Nf3 d6 3. Bb5+ Bd7 4. c4 Nf6 5. Nc3 e5 6. d3 a6 7. Bxd7+ Nbxd7 8.
O-O Be7 9. Ne1 O-O 10. f4 exf4 11. Bxf4 Ne5 12. Nc2 Ng6 13. Bg3 Ne8 14. Nd5 Bf6
15. Nxf6+ Nxf6 16. Ne3 Qb6 17. Nf5 Rad8 18. b3 Rfe8 19. h3 Re6 20. Qd2 Ne8 21.
Rf2 f6 22. Raf1 Ne7 23. Ne3 Nc7 24. Qe2 Ng6 25. Kh1 Ne5 26. Nf5 Ne8 27. Bf4 Ng6
28. Be3 Ne7 29. Ng3 Re5 30. Bf4 Qc6 31. Bxe5 dxe5 32. Qg4 Rxd3 33. h4 Qd7 34.
Qxd7 Rxd7 35. h5 Rd4 36. h6 g6 37. Kh2 Kf7 1/2-1/2

[Event "2. BUNDESLIGA MITTE 2014/2015"]
[Site "Aschach"]
[Date "2014.10.05"]
[Round "3"]
[Board "6"]
[White "Kainz, Josef"]
[Black "Wanderer, Thomas"]
[Result "1/2-1/2"]
[WhiteElo "1943"]
[BlackElo "2164"]
[PlyCount "200"]
[EventDate "2014.10.03"]
[EventType "team"]
[EventRounds "11"]
[EventCountry "AUT"]
[WhiteTeam "Strassenbahn Graz"]
[BlackTeam "RbEJ Gleisdorf"]

1. d4 Nf6 2. Nf3 d6 3. Bg5 Nbd7 4. g3 e5 5. Nc3 Be7 6. dxe5 dxe5 7. Bg2 O-O 8.
O-O c6 9. e4 Qc7 10. Qe2 a5 11. a4 h6 12. Bc1 b6 13. Rd1 Nc5 14. Nh4 Re8 15.
Nf5 Bf8 16. Qf3 Nfd7 17. Bh3 Ne6 18. Be3 Ndc5 19. Rd2 Rd8 20. Rad1 Rxd2 21.
Rxd2 Nd4 22. Qg2 Nxf5 23. Bxf5 g6 24. Bxc8 Qxc8 25. h3 Ra7 26. Kh2 Rd7 27. f3
Kg7 28. Rxd7 Qxd7 29. Qd2 Qxd2+ 30. Bxd2 Ne6 31. Ne2 Nd4 32. Nxd4 exd4 33. Kg2
Bb4 34. Bf4 Bc5 35. Kf1 g5 36. Bc7 Kf6 37. Ke2 Ke6 38. g4 f6 39. Bg3 Kf7 40.
Kd3 Ke6 41. Bh2 b5 42. Bc7 bxa4 43. Bxa5 Bd6 44. Bb6 a3 45. bxa3 Bxa3 46. Bxd4
Be7 47. Kc4 Ba3 48. Kb3 Be7 49. Ka4 Kd6 50. Ka5 c5 51. Bf2 Kc6 52. c4 Bd8+ 53.
Ka4 Bc7 54. h4 Bf4 55. Kb3 Bc7 56. Kc2 Bd6 57. Kd3 Be5 58. hxg5 hxg5 59. Ke2
Kd6 60. Be1 Kc6 61. Ba5 Kd7 62. Bd2 Ke6 63. Be3 Kd6 64. Bf2 Kc6 65. Be1 Kd6 66.
Bd2 Ke6 67. Ba5 Kd7 68. Bb6 Kc6 69. Bd8 Kd7 70. Ba5 Kc6 71. Bd2 Kd6 72. Kd3 Kc6
73. Kc2 Kb6 74. f4 gxf4 75. Kd3 Kc6 76. Ke2 Kd6 77. Kf3 Ke6 78. Bxf4 Bb2 79.
Kg3 Bc3 80. Kf3 Bb2 81. g5 fxg5 82. Bxg5 Bg7 83. Bd2 Bf8 84. Bc3 Bd6 85. Ke2
Bf4 86. Kd3 Bg3 87. Bg7 Bd6 88. Ke2 Be7 89. Kf3 Kf7 90. Bb2 Ke6 91. Kf4 Bf8 92.
Bh8 Bd6+ 93. e5 Bc7 94. Bg7 Bb8 95. Ke4 Bc7 96. Bf8 Bxe5 97. Bxc5 Bc7 98. Bf8
Kd7 99. Kd5 Ba5 100. Kc5 Kc8 1/2-1/2

[Event "2. BUNDESLIGA MITTE 2014/2015"]
[Site "Aschach"]
[Date "2014.10.05"]
[Round "3"]
[Board "1"]
[White "Kovacs, Gabor"]
[Black "Poetz, Florian"]
[Result "1-0"]
[WhiteElo "2482"]
[BlackElo "2390"]
[PlyCount "85"]
[EventDate "2014.10.03"]
[EventType "team"]
[EventRounds "11"]
[EventCountry "AUT"]
[WhiteTeam "Union Styria Graz"]
[BlackTeam "Spg.Sparkasse Fuerstenfeld/Hartberg"]

1. d4 Nf6 2. Nf3 e6 3. c4 Bb4+ 4. Nc3 b6 5. e3 Bb7 6. Bd3 Ne4 7. Qc2 f5 8. O-O
Bxc3 9. bxc3 O-O 10. Ne1 d6 11. f3 Nf6 12. e4 fxe4 13. fxe4 Nbd7 14. c5 bxc5
15. Rb1 Rb8 16. Nf3 cxd4 17. cxd4 h6 18. Ba3 c5 19. dxc5 dxc5 20. Qc4 Qe8 21.
Rb3 Rf7 22. Re1 Ng4 23. Bc2 Nb6 24. Qc3 Rc8 25. Rbb1 Nf6 26. Ne5 Rfc7 27. Rbd1
Nfd7 28. Ng4 Nf8 29. Bb2 Qh5 30. Qg3 Kh8 31. Rf1 Rf7 32. Rxf7 Qxf7 33. Nxh6 Qg6
34. Qh4 Qh7 35. Rf1 Nc4 36. Bxg7+ Qxg7 37. Rf7 Qd4+ 38. Rf2 Nh7 39. Nf7+ Kg8
40. Qg4+ Qg7 41. Qxe6 Ne3 42. Ne5+ Kh8 43. Ng6+ 1-0

[Event "2. BUNDESLIGA MITTE 2014/2015"]
[Site "Aschach"]
[Date "2014.10.05"]
[Round "3"]
[Board "2"]
[White "Freitag, Manfred"]
[Black "Wittmann, Walter"]
[Result "1-0"]
[WhiteElo "2379"]
[BlackElo "2170"]
[PlyCount "51"]
[EventDate "2014.10.03"]
[EventType "team"]
[EventRounds "11"]
[EventCountry "AUT"]
[WhiteTeam "Spg.Sparkasse Fuerstenfeld/Hartberg"]
[BlackTeam "Union Styria Graz"]

1. d4 d5 2. c4 e6 3. Nf3 Nf6 4. g3 dxc4 5. Bg2 Nc6 6. O-O Rb8 7. b3 cxb3 8.
axb3 a6 9. Bb2 Be7 10. Nc3 O-O 11. e4 Nb4 12. Qe2 c5 13. Rfd1 cxd4 14. Nxd4 Bd7
15. e5 Nfd5 16. Nxd5 Nxd5 17. Bxd5 exd5 18. e6 fxe6 19. Nxe6 Bxe6 20. Qxe6+ Rf7
21. Rxd5 Qf8 22. Rf5 Rd8 23. Re1 Rd6 24. Rxf7 Qxf7 25. Qxe7 Qxe7 26. Rxe7 1-0

[Event "2. BUNDESLIGA MITTE 2014/2015"]
[Site "Aschach"]
[Date "2014.10.05"]
[Round "3"]
[Board "3"]
[White "Pirker, Christian"]
[Black "Kuba, Guenter"]
[Result "1/2-1/2"]
[WhiteElo "2186"]
[BlackElo "2374"]
[PlyCount "98"]
[EventDate "2014.10.03"]
[EventType "team"]
[EventRounds "11"]
[EventCountry "AUT"]
[WhiteTeam "Union Styria Graz"]
[BlackTeam "Spg.Sparkasse Fuerstenfeld/Hartberg"]

1. d4 f5 2. Nf3 Nf6 3. Bg5 e6 4. Nbd2 d5 5. e3 Be7 6. Ne5 O-O 7. f4 c5 8. c3
Nc6 9. Be2 Bd7 10. O-O Be8 11. a3 a5 12. a4 Rc8 13. Qb3 Qc7 14. Bb5 Kh8 15.
Ndf3 Bh5 16. Qa2 Bd6 17. Bh4 Ne4 18. Ng5 Nxg5 19. Bxg5 Rfe8 20. Kh1 Rf8 21. Rf2
c4 22. b3 cxb3 23. Qxb3 Bxe5 24. fxe5 Na7 25. Rc1 Nxb5 26. Qxb5 Be8 27. Qb3 Rf7
28. Rb2 Bc6 29. Kg1 Kg8 30. c4 dxc4 31. Rxc4 Qd7 32. Rbc2 h6 33. Bh4 Qd5 34.
Qa3 Qe4 35. Bg3 Qg4 36. Qc1 Qh5 37. Rc5 Ra8 38. Rxc6 bxc6 39. Rxc6 Re7 40. Be1
Qe2 41. Rc5 Rb8 42. Qd2 Qxd2 43. Bxd2 Rb2 44. Bxa5 Ra2 45. Bc7 Rxa4 46. Kf2 Ra7
47. Bd6 Re8 48. Rc2 Rb7 49. e4 fxe4 1/2-1/2

[Event "2. BUNDESLIGA MITTE 2014/2015"]
[Site "Aschach"]
[Date "2014.10.05"]
[Round "3"]
[Board "4"]
[White "Feher, Adam"]
[Black "Manhardt, Thomas"]
[Result "1-0"]
[WhiteElo "2356"]
[BlackElo "2246"]
[PlyCount "49"]
[EventDate "2014.10.03"]
[EventType "team"]
[EventRounds "11"]
[EventCountry "AUT"]
[WhiteTeam "Spg.Sparkasse Fuerstenfeld/Hartberg"]
[BlackTeam "Union Styria Graz"]

1. e4 c5 2. Nf3 Nc6 3. d4 cxd4 4. Nxd4 Nf6 5. Nc3 e5 6. Ndb5 d6 7. Bg5 a6 8.
Na3 Be6 9. Nc4 Rc8 10. Bxf6 gxf6 11. Bd3 Rg8 12. O-O Bh6 13. Kh1 d5 14. exd5
Bxd5 15. Nxd5 Qxd5 16. f3 Rd8 17. Qe1 f5 18. Qh4 Qe6 19. Rae1 Rg6 20. Qf2 Rd5
21. f4 Bxf4 22. g3 b5 23. gxf4 Rxd3 24. Nxe5 Qd5+ 25. Nf3+ 1-0

[Event "2. BUNDESLIGA MITTE 2014/2015"]
[Site "Aschach"]
[Date "2014.10.05"]
[Round "3"]
[Board "5"]
[White "Stagl, Marco"]
[Black "Radnetter, Georg"]
[Result "1/2-1/2"]
[WhiteElo "2104"]
[BlackElo "2256"]
[PlyCount "70"]
[EventDate "2014.10.03"]
[EventType "team"]
[EventRounds "11"]
[EventCountry "AUT"]
[WhiteTeam "Union Styria Graz"]
[BlackTeam "Spg.Sparkasse Fuerstenfeld/Hartberg"]

1. d4 e6 2. Nf3 Nf6 3. c4 Bb4+ 4. Bd2 a5 5. a3 Bxd2+ 6. Qxd2 b6 7. Nc3 Bb7 8.
Qf4 d6 9. e4 O-O 10. Be2 Nfd7 11. O-O Na6 12. Rad1 Qf6 13. Qe3 Rfd8 14. Ne1 c5
15. d5 exd5 16. exd5 Re8 17. Qg3 Nc7 18. a4 Ba6 19. b3 Rad8 20. Bd3 Ne5 21. Bb1
Bc8 22. Ne4 Qg6 23. Qxg6 Nxg6 24. Nc3 Re7 25. Nc2 Ree8 26. Ne3 Nh4 27. Kh1 g6
28. h3 f5 29. Kh2 f4 30. Ng4 Kg7 31. f3 Nf5 32. Be4 Ng3 33. Rfe1 Bxg4 34. hxg4
Re5 35. Kg1 Re7 1/2-1/2

[Event "2. BUNDESLIGA MITTE 2014/2015"]
[Site "Aschach"]
[Date "2014.10.05"]
[Round "3"]
[Board "6"]
[White "Stradner, Stefan"]
[Black "Rohler, Siegfried"]
[Result "1-0"]
[WhiteElo "2190"]
[BlackElo "2172"]
[PlyCount "151"]
[EventDate "2014.10.03"]
[EventType "team"]
[EventRounds "11"]
[EventCountry "AUT"]
[WhiteTeam "Spg.Sparkasse Fuerstenfeld/Hartberg"]
[BlackTeam "Union Styria Graz"]

1. Nf3 Nf6 2. c4 c5 3. g3 Nc6 4. Bg2 d5 5. O-O d4 6. d3 e5 7. b4 cxb4 8. a3
bxa3 9. Qa4 Bd7 10. Bxa3 Bxa3 11. Qxa3 Qe7 12. c5 O-O 13. Nbd2 b5 14. cxb6 Qxa3
15. Rxa3 axb6 16. Rxa8 Rxa8 17. Nxe5 Rc8 18. Nxd7 Nxd7 19. Rc1 Nc5 20. Bxc6
Rxc6 21. Nb3 Rd6 22. Nxc5 bxc5 23. Rxc5 Kf8 24. Rc7 g6 25. f4 Kg7 26. Kf2 Kf6
27. Kf3 h6 28. g4 Re6 29. Rd7 Re3+ 30. Kf2 Rh3 31. Rxd4 Rxh2+ 32. Kf3 h5 33.
g5+ Ke6 34. Re4+ Kd6 35. Kg3 Rh1 36. Kg2 Re1 37. Kf2 Rh1 38. Re8 h4 39. Kg2 Re1
40. Re4 Kd7 41. Re3 Kd6 42. Kh3 Rh1+ 43. Kg4 Rh2 44. Re4 Kd7 45. Re5 Kd6 46.
Re8 Kd7 47. Re4 Kd6 48. Rd4+ Ke6 49. e4 h3 50. Kg3 Rh1 51. Ra4 h2 52. Ra6+ Ke7
53. Ra3 Rf1 54. Kxh2 Rxf4 55. Kg3 Rf1 56. d4 Ke6 57. Rf3 Rd1 58. Rf6+ Ke7 59.
d5 Rg1+ 60. Kf4 Rf1+ 61. Ke5 Rg1 62. d6+ Ke8 63. d7+ Kxd7 64. Rxf7+ Ke8 65. Ke6
Rxg5 66. Ra7 Kd8 67. e5 Rg1 68. Ra8+ Kc7 69. Ke7 g5 70. Rf8 g4 71. e6 g3 72.
Rg8 Kc6 73. Ke8 Kd5 74. e7 Ke6 75. Rg6+ Ke5 76. Kf8 1-0

[Event "2. BUNDESLIGA MITTE 2014/2015"]
[Site "Aschach"]
[Date "2014.10.05"]
[Round "3"]
[Board "1"]
[White "Schachinger, Mario"]
[Black "Huber, Martin Christian"]
[Result "1-0"]
[WhiteElo "2414"]
[BlackElo "2241"]
[PlyCount "59"]
[EventDate "2014.10.03"]
[EventType "team"]
[EventRounds "11"]
[EventCountry "AUT"]
[WhiteTeam "SC MPOE Maria Saal II"]
[BlackTeam "Schachfreunde Graz"]

1. e4 c5 2. Nf3 e6 3. d4 cxd4 4. Nxd4 Nc6 5. Nc3 Qc7 6. Be2 a6 7. O-O Nf6 8.
Be3 Be7 9. f4 d6 10. Kh1 O-O 11. a4 Re8 12. Bf3 Bf8 13. Qe1 Nxd4 14. Bxd4 e5
15. fxe5 dxe5 16. Be3 Be6 17. Qg3 Rac8 18. Bg5 Nd7 19. Bg4 Be7 20. Bh6 Bf8 21.
Nd5 Bxd5 22. exd5 Rcd8 23. Bg5 Be7 24. Rxf7 Kxf7 25. Be6+ Kf8 26. d6 Qxd6 27.
Rf1+ Bf6 28. Bxf6 Nxf6 29. Rxf6+ gxf6 30. Qg8+ 1-0

[Event "2. BUNDESLIGA MITTE 2014/2015"]
[Site "Aschach"]
[Date "2014.10.05"]
[Round "3"]
[Board "2"]
[White "Schnider, Gert"]
[Black "Tratar, Marko"]
[Result "1/2-1/2"]
[WhiteElo "2338"]
[BlackElo "2471"]
[PlyCount "41"]
[EventDate "2014.10.03"]
[EventType "team"]
[EventRounds "11"]
[EventCountry "AUT"]
[WhiteTeam "Schachfreunde Graz"]
[BlackTeam "SC MPOE Maria Saal II"]

1. d4 Nf6 2. c4 e6 3. Nc3 Bb4 4. Qc2 O-O 5. a3 Bxc3+ 6. Qxc3 d6 7. Nf3 b6 8. g3
Bb7 9. Bg2 Nbd7 10. O-O a5 11. b3 h6 12. Bb2 Be4 13. Rac1 Qe7 14. Rfd1 Rfd8 15.
Qe3 c6 16. Bh3 Rac8 17. Nd2 Bh7 18. Nf3 Be4 19. Nd2 Bh7 20. Nf3 Be4 21. Nd2
 1/2-1/2

[Event "2. BUNDESLIGA MITTE 2014/2015"]
[Site "Aschach"]
[Date "2014.10.05"]
[Round "3"]
[Board "3"]
[White "Halvax, Georg"]
[Black "Jusic, Zdenko"]
[Result "1-0"]
[WhiteElo "2360"]
[BlackElo "2283"]
[PlyCount "43"]
[EventDate "2014.10.03"]
[EventType "team"]
[EventRounds "11"]
[EventCountry "AUT"]
[WhiteTeam "SC MPOE Maria Saal II"]
[BlackTeam "Schachfreunde Graz"]

1. e4 d6 2. d4 Nf6 3. Nc3 c6 4. Nge2 Qa5 5. f3 e5 6. Be3 Nbd7 7. g4 b5 8. Ng3
h5 9. g5 h4 10. Nf5 g6 11. dxe5 Nxe4 12. Nxd6+ Nxd6 13. exd6 Ne5 14. f4 Nc4 15.
Bxc4 bxc4 16. Qd4 Rg8 17. Qxc4 Rb8 18. O-O-O Be6 19. Qxc6+ Bd7 20. Qe4+ Kd8 21.
Bd4 Rb4 22. Qa8+ 1-0

[Event "2. BUNDESLIGA MITTE 2014/2015"]
[Site "Aschach"]
[Date "2014.10.05"]
[Round "3"]
[Board "4"]
[White "Kravanja, Georg"]
[Black "Kreisl, Robert"]
[Result "1/2-1/2"]
[WhiteElo "2221"]
[BlackElo "2421"]
[PlyCount "108"]
[EventDate "2014.10.03"]
[EventType "team"]
[EventRounds "11"]
[EventCountry "AUT"]
[WhiteTeam "Schachfreunde Graz"]
[BlackTeam "SC MPOE Maria Saal II"]

1. d4 Nf6 2. c4 g6 3. Nc3 d5 4. cxd5 Nxd5 5. e4 Nxc3 6. bxc3 Bg7 7. Nf3 c5 8.
Rb1 O-O 9. Be2 b6 10. O-O Bb7 11. e5 Nc6 12. dxc5 Nxe5 13. Nxe5 Bxe5 14. cxb6
axb6 15. Bh6 Bg7 16. Bxg7 Kxg7 17. Qxd8 Rfxd8 18. Rxb6 Rxa2 19. Rxb7 Rxe2 20.
Rbb1 Rc2 21. Rbe1 e6 22. Re3 Rc8 23. h4 R8xc3 24. Rxc3 Rxc3 25. g3 h6 26. Kg2
g5 27. hxg5 hxg5 28. g4 Rc4 29. Kg3 Rc3+ 30. Kg2 Rc4 31. Kg3 Kg6 32. Re1 Rc3+
33. Kg2 Rc6 34. Kg3 f5 35. gxf5+ exf5 36. Re8 Rc3+ 37. Kg2 g4 38. Rg8+ Kf6 39.
Rf8+ Kg5 40. Rg8+ Kf4 41. Ra8 Rc4 42. Rb8 Ra4 43. Rc8 Ke4 44. Re8+ Kf4 45. Rb8
Ra5 46. Rb4+ Kg5 47. Rb8 f4 48. Rg8+ Kh4 49. Rh8+ Rh5 50. Rg8 f3+ 51. Kh2 Rh7
52. Rg6 Ra7 53. Rg8 Ra1 54. Rxg4+ Kxg4 1/2-1/2

[Event "2. BUNDESLIGA MITTE 2014/2015"]
[Site "Aschach"]
[Date "2014.10.05"]
[Round "3"]
[Board "5"]
[White "Rieger, Robert"]
[Black "Kastner, Walter"]
[Result "1/2-1/2"]
[WhiteElo "2293"]
[BlackElo "2230"]
[PlyCount "61"]
[EventDate "2014.10.03"]
[EventType "team"]
[EventRounds "11"]
[EventCountry "AUT"]
[WhiteTeam "SC MPOE Maria Saal II"]
[BlackTeam "Schachfreunde Graz"]

1. e4 e5 2. Nf3 Nf6 3. Nxe5 d6 4. Nf3 Nxe4 5. Nc3 Nxc3 6. dxc3 Be7 7. Bf4 Nc6
8. Qd2 Be6 9. O-O-O Qd7 10. h3 Bf6 11. Bg5 Bxg5 12. Nxg5 O-O-O 13. f4 h6 14.
Nf3 a6 15. g3 Kb8 16. Bg2 Rhe8 17. g4 f6 18. b3 Bg8 19. Rhe1 Rxe1 20. Rxe1 Re8
21. Nd4 Nxd4 22. cxd4 Rxe1+ 23. Qxe1 Qe6 24. Qxe6 Bxe6 25. f5 Bd7 26. Kd2 c6
27. Ke3 Kc7 28. Bf1 Be8 29. Bc4 d5 30. Be2 Kd6 31. c3 1/2-1/2

[Event "2. BUNDESLIGA MITTE 2014/2015"]
[Site "Aschach"]
[Date "2014.10.05"]
[Round "3"]
[Board "6"]
[White "Eder, Matthias"]
[Black "Ertl, Johann"]
[Result "1-0"]
[WhiteElo "2152"]
[BlackElo "2277"]
[PlyCount "115"]
[EventDate "2014.10.03"]
[EventType "team"]
[EventRounds "11"]
[EventCountry "AUT"]
[WhiteTeam "Schachfreunde Graz"]
[BlackTeam "SC MPOE Maria Saal II"]

1. e4 e6 2. d4 d5 3. Nc3 Bb4 4. exd5 exd5 5. Bd3 Nc6 6. a3 Be7 7. Be3 Nf6 8.
Nge2 Be6 9. Nf4 Qd7 10. O-O Bf5 11. Bb5 O-O 12. h3 Qd6 13. Ba4 Na5 14. Qf3 Be4
15. Nxe4 Nxe4 16. Bb5 c6 17. Bd3 f5 18. b3 Rae8 19. g3 b6 20. h4 Qd7 21. Nh3
Bf6 22. Kg2 c5 23. dxc5 Bxa1 24. Rxa1 bxc5 25. b4 Nb7 26. c4 d4 27. Bf4 h6 28.
Re1 Nf6 29. Rh1 Ne4 30. Bc1 Nd8 31. Nf4 Qb7 32. Nd5 Ne6 33. b5 Nc7 34. Nf4 Nd6
35. Qxb7 Nxb7 36. Bd2 Kf7 37. Bxf5 Kf6 38. Bd3 Re5 39. Ng6 Rfe8 40. Nxe5 Rxe5
41. Re1 Rxe1 42. Bxe1 Nd6 43. a4 g5 44. hxg5+ hxg5 45. Kf3 Ne6 46. Bd2 Nd8 47.
Kg4 N8f7 48. f4 gxf4 49. gxf4 Nh6+ 50. Kf3 Nhf5 51. a5 Ke6 52. Bc1 Nh4+ 53. Kf2
Nb7 54. a6 Na5 55. b6 Nc6 56. Be4 Kd6 57. Bxc6 Kxc6 58. bxa7 1-0

[Event "2. BUNDESLIGA MITTE 2014/2015"]
[Site "Sauwald"]
[Date "2014.11.15"]
[Round "4"]
[Board "1"]
[White "Felsberger, Alfred"]
[Black "Pilaj, Herwig"]
[Result "0-1"]
[WhiteElo "2342"]
[BlackElo "2388"]
[PlyCount "114"]
[EventDate "2014.10.03"]
[EventType "team"]
[EventRounds "11"]
[EventCountry "AUT"]
[WhiteTeam "Union Ansfelden"]
[BlackTeam "SC Die Klagenfurter"]

1. e4 c5 2. Nf3 Nc6 3. d4 cxd4 4. Nxd4 g6 5. Nc3 Bg7 6. Be3 Nf6 7. Bc4 Qa5 8.
O-O O-O 9. Bb3 d6 10. h3 Bd7 11. Re1 Nxd4 12. Bxd4 e6 13. Qf3 Ne8 14. Rad1 Bxd4
15. Rxd4 Bc6 16. Qe3 Qc5 17. a4 a6 18. Qe2 b5 19. axb5 axb5 20. Kh1 Nf6 21. f3
Rfd8 22. Red1 Ne8 23. Na2 Rd7 24. Nb4 Rda7 25. Qe1 Bb7 26. c3 Qg5 27. Qf1 Ra5
28. Bc2 Qg3 29. Bb3 Kg7 30. Re1 Nf6 31. Red1 Ne8 32. R4d2 g5 33. Rd3 h5 34. Qg1
Qe5 35. Bc2 g4 36. Re3 Qg5 37. fxg4 hxg4 38. Rg3 Nf6 39. Qb6 Qf4 40. Qe3 Qxe3
41. Rxe3 Ra1 42. Rxa1 Rxa1+ 43. Kh2 Rf1 44. Kg3 e5 45. hxg4 Rf4 46. g5 Nxe4+
47. Bxe4 Rxe4 48. Rd3 Re2 49. Rxd6 Rxg2+ 50. Kh4 Bf3 51. Rb6 Be2 52. Nd5 Rg4+
53. Kh3 Rxg5 54. Nc7 Rg6 55. Rb8 Bf1+ 56. Kh4 f5 57. Rb7 Kh6 0-1

[Event "2. BUNDESLIGA MITTE 2014/2015"]
[Site "Sauwald"]
[Date "2014.11.15"]
[Round "4"]
[Board "2"]
[White "Petschar, Kurt"]
[Black "Moser, Guenter"]
[Result "0-1"]
[WhiteElo "2271"]
[BlackElo "2352"]
[PlyCount "68"]
[EventDate "2014.10.03"]
[EventType "team"]
[EventRounds "11"]
[EventCountry "AUT"]
[WhiteTeam "SC Die Klagenfurter"]
[BlackTeam "Union Ansfelden"]

1. d4 f5 2. c4 Nf6 3. Nc3 g6 4. g3 Bg7 5. Bg2 O-O 6. Nf3 d6 7. O-O Nc6 8. Rb1
e5 9. d5 Ne7 10. e4 h6 11. b4 Bd7 12. Nd2 f4 13. c5 g5 14. Nc4 Ne8 15. a4 Ng6
16. Ba3 g4 17. Re1 Qf6 18. Rb2 h5 19. b5 b6 20. cxd6 cxd6 21. a5 bxa5 22. Nxa5
h4 23. Nc6 Bh6 24. Na4 Rf7 25. Bb4 hxg3 26. hxg3 f3 27. Bf1 Bg5 28. b6 axb6 29.
Nxb6 Qh8 30. Bd2 Rh7 31. Bg2 fxg2 32. Kxg2 Rh2+ 33. Kf1 Qh3+ 34. Ke2 Qxg3 0-1

[Event "2. BUNDESLIGA MITTE 2014/2015"]
[Site "Sauwald"]
[Date "2014.11.15"]
[Round "4"]
[Board "4"]
[White "Genser, Harald"]
[Black "Mostbauer, Maximilian"]
[Result "1-0"]
[WhiteElo "2277"]
[BlackElo "2184"]
[PlyCount "89"]
[EventDate "2014.10.03"]
[EventType "team"]
[EventRounds "11"]
[EventCountry "AUT"]
[WhiteTeam "SC Die Klagenfurter"]
[BlackTeam "Union Ansfelden"]

1. d4 Nf6 2. c4 g6 3. Nc3 Bg7 4. e4 d6 5. Nf3 O-O 6. Be2 e5 7. O-O Nc6 8. d5
Ne7 9. Ne1 Nd7 10. Be3 f5 11. f3 f4 12. Bf2 g5 13. Nb5 b6 14. b4 Ng6 15. Rc1
Nf6 16. c5 Rf7 17. cxd6 cxd6 18. Rc6 Ne8 19. a4 Bd7 20. Rc3 h5 21. Na3 Nf6 22.
Bb5 Bxb5 23. Nxb5 g4 24. Qc2 Ne8 25. Kh1 g3 26. Bg1 gxh2 27. Bxh2 Bf6 28. Nd3
Bh4 29. Nf2 Nf8 30. Rc1 a6 31. Na3 Rg7 32. Nh3 Bg3 33. Rc8 Rxc8 34. Qxc8 Qh4
35. Bg1 Nf6 36. Nc4 Ng4 37. Nxd6 Nh6 38. Rc7 Rxc7 39. Qxc7 Nh7 40. Qc8+ Kg7 41.
Qd7+ Kg8 42. Qe8+ Kg7 43. Qxe5+ Kg8 44. Qe6+ Kg7 45. Bd4+ 1-0

[Event "2. BUNDESLIGA MITTE 2014/2015"]
[Site "Sauwald"]
[Date "2014.11.15"]
[Round "4"]
[Board "5"]
[White "Knoll, Hermann"]
[Black "Titz, Heimo"]
[Result "1/2-1/2"]
[WhiteElo "2314"]
[BlackElo "2120"]
[PlyCount "72"]
[EventDate "2014.10.03"]
[EventType "team"]
[EventRounds "11"]
[EventCountry "AUT"]
[WhiteTeam "Union Ansfelden"]
[BlackTeam "SC Die Klagenfurter"]

1. d4 {[%emt 0:00:00]} Nf6 2. Nf3 e6 3. c4 Bb4+ 4. Nbd2 O-O 5. a3 Bxd2+ 6. Bxd2
b6 7. g3 Bb7 8. Bg2 d6 9. Qc2 Nbd7 10. Rd1 a5 11. O-O a4 12. Rfe1 Be4 13. Qc1
Qb8 14. Bh3 c5 15. Bc3 h6 16. dxc5 bxc5 17. Nd2 Bc6 18. e4 Qb7 19. Bg2 d5 20.
cxd5 exd5 21. Bxf6 Nxf6 22. exd5 Bxd5 23. Bxd5 Qxd5 24. Nc4 Qf5 25. Re5 Qf3 26.
Ne3 Rfd8 27. Rxd8+ Rxd8 28. Rxc5 Ne4 29. Rf5 Qe2 30. Kg2 Rd2 31. Rf4 Qxe3 32.
Qc8+ Kh7 33. Qf5+ Kh8 34. Qc8+ Kh7 35. Qf5+ Kh8 36. Qc8+ Kh7 1/2-1/2

[Event "2. BUNDESLIGA MITTE 2014/2015"]
[Site "Sauwald"]
[Date "2014.11.15"]
[Round "4"]
[Board "6"]
[White "Jakits, Leopold"]
[Black "Mostbauer, Florian"]
[Result "1/2-1/2"]
[WhiteElo "2134"]
[BlackElo "2189"]
[PlyCount "145"]
[EventDate "2014.10.03"]
[EventType "team"]
[EventRounds "11"]
[EventCountry "AUT"]
[WhiteTeam "SC Die Klagenfurter"]
[BlackTeam "Union Ansfelden"]

1. c4 c6 2. e4 d5 3. exd5 cxd5 4. d4 Nf6 5. Nc3 e6 6. Nf3 Be7 7. Be3 dxc4 8.
Bxc4 Nc6 9. O-O O-O 10. a3 b6 11. Re1 Bb7 12. Bg5 h6 13. Bh4 Nd5 14. Bg3 Nxc3
15. bxc3 Bd6 16. Qd3 Ne7 17. Ne5 Bd5 18. Bb5 Nf5 19. c4 Bb7 20. Rad1 Nxg3 21.
hxg3 Bxe5 22. Rxe5 Qf6 23. Ba4 Rad8 24. Bc2 g6 25. Qe3 Kg7 26. a4 Rd7 27. a5
Rfd8 28. axb6 axb6 29. Rd2 Bc6 30. Bd1 Rd6 31. Bf3 Bxf3 32. gxf3 R6d7 33. Kg2
Rc7 34. Rc2 h5 35. Rc1 Rcd7 36. Rd1 Ra8 37. Rb5 Rc8 38. d5 Rxc4 39. Rxb6 Qd8
40. Qe5+ Kh7 41. Rb8 Rc8 42. Rxc8 Qxc8 43. d6 Qh8 44. f4 Qa8+ 45. Kh2 Qa7 46.
Rd2 Qb6 47. Qf6 Qd8 48. Qxd8 Rxd8 49. Kg2 Kg7 50. Kf3 f6 51. Ke4 Kf7 52. f3 Ke8
53. g4 hxg4 54. fxg4 Kd7 55. g5 fxg5 56. fxg5 Rf8 57. Ra2 Rf5 58. Ra7+ Kxd6 59.
Ra6+ Ke7 60. Ra7+ Kf8 61. Ra6 Rxg5 62. Rxe6 Kf7 63. Ra6 Rf5 64. Ra1 Kg7 65. Rh1
Rf8 66. Rg1 Re8+ 67. Kf4 Kf6 68. Ra1 g5+ 69. Kf3 Kg6 70. Kg4 Re4+ 71. Kf3 Rb4
72. Kg3 Rb3+ 73. Kg4 1/2-1/2

[Event "2. BUNDESLIGA MITTE 2014/2015"]
[Site "Sauwald"]
[Date "2014.11.15"]
[Round "4"]
[Board "1"]
[White "Kociscak, Jiri"]
[Black "Burlacu, Bogdan"]
[Result "1-0"]
[WhiteElo "2470"]
[BlackElo "2309"]
[PlyCount "133"]
[EventDate "2014.10.03"]
[EventType "team"]
[EventRounds "11"]
[EventCountry "AUT"]
[WhiteTeam "SV Steyregg"]
[BlackTeam "Union Hartkirchen - Sektion Schach"]

1. d4 d5 2. c4 c6 3. Nc3 Nf6 4. e3 e6 5. Nf3 a6 6. Bd3 Nbd7 7. O-O dxc4 8. Bxc4
b5 9. Be2 Bb7 10. e4 c5 11. d5 exd5 12. Nxd5 Nxd5 13. exd5 Bd6 14. a4 b4 15.
Bg5 Qc7 16. a5 O-O 17. Qd2 Rfe8 18. Bc4 h6 19. Bh4 Bf4 20. Qd3 Ne5 21. Nxe5
Qxe5 22. Bg3 Rad8 23. Rad1 Rd6 24. Bxf4 Qxf4 25. Rfe1 Red8 26. Re4 Qf6 27. Rde1
g6 28. Re5 Kg7 29. h3 R8d7 30. Qe4 Qd8 31. Re8 Qf6 32. Re5 Qd8 {mit Remisanbot}
33. Rd1 Qf6 34. f4 Qh4 35. Qe3 g5 36. Rf1 Bxd5 37. Bxd5 Rxd5 38. Rxd5 Rxd5 39.
Qe4 Rd2 40. Qe5+ Kg8 41. Qe3 Rd8 42. Qe7 Rd2 43. Qe3 Rd8 44. Qxc5 g4 45. hxg4
Qxg4 46. Qxb4 Qe2 47. Rf3 Rd2 48. Rg3+ Kh7 49. Qc5 Qd1+ 50. Kh2 Rd5 51. Qc3
Rh5+ 52. Rh3 Rxh3+ 53. Kxh3 Qh5+ 54. Kg3 Qd5 55. b4 Qf5 56. Qc4 Qg6+ 57. Kf3
Qh5+ 58. Ke3 Qg6 59. Qe4 f5 60. Qb7+ Kg8 61. Kd4 Qf6+ 62. Kc4 Kf8 63. Kd5 h5
64. Qc8+ Kg7 65. Qd7+ Kh8 66. Qe8+ Kg7 67. Qe5 1-0

[Event "2. BUNDESLIGA MITTE 2014/2015"]
[Site "Sauwald"]
[Date "2014.11.15"]
[Round "4"]
[Board "2"]
[White "Konrad, Edmund"]
[Black "Velicka, Petr"]
[Result "0-1"]
[WhiteElo "2187"]
[BlackElo "2412"]
[PlyCount "86"]
[EventDate "2014.10.03"]
[EventType "team"]
[EventRounds "11"]
[EventCountry "AUT"]
[WhiteTeam "Union Hartkirchen - Sektion Schach"]
[BlackTeam "SV Steyregg"]

1. e4 c5 2. Nf3 e6 3. d4 cxd4 4. Nxd4 a6 5. Nc3 Qc7 6. Bd3 Nf6 7. O-O Bc5 8.
Be3 d6 9. Qd2 Nbd7 10. f4 h5 11. Nf3 Bxe3+ 12. Qxe3 Qc5 13. Qxc5 Nxc5 14. e5
dxe5 15. fxe5 Ng4 16. Rfd1 Bd7 17. h3 Ne3 18. Rd2 Bc6 19. Nd4 Rd8 20. Nxc6 bxc6
21. Re2 Nxd3 22. Rxe3 Nxb2 23. Re4 O-O 24. Rb4 Rb8 25. Rxb8 Rxb8 26. Rb1 Rb6
27. Kf2 Kf8 28. Ke2 Ke7 29. Nd1 Nc4 30. Rxb6 Nxb6 31. Kd3 Nd5 32. Kc4 Kd7 33.
Kc5 Kc7 34. c4 Nf4 35. Ne3 f6 36. Kd4 Ne2+ 37. Kd3 Nc1+ 38. Ke4 Nxa2 39. exf6
gxf6 40. g4 hxg4 41. h4 Kd7 42. h5 Ke7 43. Kd4 g3 0-1